Gaming Quiz

Random Gaming or Video Games Quiz

Click the Original Mortal Kombat Characters Quiz Stats

 Plays Quiz Updated Aug 27, 2016

Score 0/7 Timer 01:00
2 Plays Today
% Correct
Johnny Cage
93.6%
Sonya Blade
93.2%
Scorpion
91.5%
Sub-Zero
91.2%
Liu Kang
89.8%
Raiden
89.8%
Kano
86.2%

You're not logged in!

Compare scores with friends on all Sporcle quizzes.
OR
Log In

Show Comments

Extras

Top Quizzes Today


Score Distribution

Your Account Isn't Verified!

In order to create a playlist on Sporcle, you need to verify the email address you used during registration. Go to your Sporcle Settings to finish the process.

Report this User

Report this user for behavior that violates our Community Guidelines.

Details: